Vplyv veľkosti deformácie na zmenu morfológie štruktúry a vybraných mechanických konštrukčných plastov : Diplomová práca
Na minha lista:
| Autor principal: | |
|---|---|
| Outros Autores: | |
| Formato: | Manuscrito Livro |
| Idioma: | eslovaco |
| Publicado em: |
Trnava :
STU v Bratislave MtF KMI,
2001
|
| Assuntos: | |
| Tags: |
Sem tags, seja o primeiro a adicionar uma tag!
|
MARC
| LEADER | 00000ntm a22000003a 4500 | ||
|---|---|---|---|
| 001 | stu85638 | ||
| 005 | 20160719154731.0 | ||
| 008 | 040406s2001----xo------------------slo-d | ||
| 040 | |a STU |b slo | ||
| 041 | 0 | |a slo | |
| 044 | |a xo | ||
| 100 | 1 | |a Čičo, Ladislav |4 aut | |
| 245 | 1 | |a Vplyv veľkosti deformácie na zmenu morfológie štruktúry a vybraných mechanických konštrukčných plastov : |b Diplomová práca | |
| 260 | |a Trnava : |b STU v Bratislave MtF KMI, |c 2001 | ||
| 300 | |a 66 s | ||
| 650 | 7 | |a materiálové inžinierstvo |2 stusub | |
| 650 | 7 | |a spracovanie a aplikácia plastov |2 stusub | |
| 700 | 1 | |a Martinec, Ľubomír |4 xxx |u M130 |U MTF Materiálovotechnologická fakulta |T MTF Katedra materiálového inžinierstva |U M130 |Y 481 | |